[Event "Quebec op U1700"]
[Site "Montreal CAN"]
[Date "2012.07.26"]
[Round "7"]
[White "Fiouzi, Chahin"]
[Black "Bathaie, Sina"]
[Result "0-1"]
[WhiteElo "1523"]
[BlackElo "1685"]
[PlyCount "55"]
[GameId "2160767909442283"]
[EventDate "2012.07.21"]
[EventType "swiss"]
[EventRounds "9"]
[EventCountry "CAN"]
[SourceTitle "EXT 2022"]
[Source "ChessBase"]
[SourceDate "2021.10.06"]
[SourceVersion "1"]
[SourceVersionDate "2021.10.06"]
[SourceQuality "1"]

1. b3 e5 2. Bb2 Nc6 3. g3 Nf6 4. Bg2 d6 5. e3 g6 6. Ne2 Bg7 7. d4 exd4 8. Nxd4 Nxd4 9. Bxd4 O-O 10. O-O Bg4 11. Qe1 Qc8 12. f3 Bh3 13. Na3 Bxg2 14. Kxg2 Re8 15. Qd2 Qf5 16. Rfe1 Re7 17. c4 Rae8 18. Nc2 Bh6 19. Qc3 Bg7 20. e4 Qe6 21. g4 c5 22. e5 Nxg4 23. exd6 Qxd6 24. fxg4 Re2+ 25. Rxe2 Rxe2+ 26. Kf3 cxd4 27. Qd3 Rxh2 28. Re1 0-1

[Event "Quebec op U1700"]
[Site "Montreal CAN"]
[Date "2012.07.26"]
[Round "7"]
[White "Kozlov, Guennadi"]
[Black "Lemieux, Serge"]
[Result "1-0"]
[WhiteElo "1665"]
[BlackElo "1533"]
[PlyCount "79"]
[GameId "2160767909442284"]
[EventDate "2012.07.21"]
[EventType "swiss"]
[EventRounds "9"]
[EventCountry "CAN"]
[SourceTitle "EXT 2022"]
[Source "ChessBase"]
[SourceDate "2021.10.06"]
[SourceVersion "1"]
[SourceVersionDate "2021.10.06"]
[SourceQuality "1"]

1. e4 e6 2. d4 d5 3. Nc3 Nf6 4. e5 Nfd7 5. Qg4 c5 6. Nce2 cxd4 7. Qxd4 Nc6 8. Qd1 Ndxe5 9. Nd4 Bd7 10. Ngf3 Rc8 11. Be2 Nxf3+ 12. Nxf3 Be7 13. O-O O-O 14. Bf4 Be8 15. c3 f6 16. Re1 e5 17. Bg3 Bf7 18. h3 Bd6 19. Qd2 Ne7 20. Red1 Nf5 21. Bh2 Qb6 22. g4 Ne7 23. Nh4 e4 24. Bxd6 Qxd6 25. Qe3 Qc5 26. Ng2 Ng6 27. Qg3 Be6 28. h4 Qc7 29. Qe3 f5 30. h5 Ne5 31. Nf4 Qf7 32. g5 Ng4 33. Qg3 Rfd8 34. g6 hxg6 35. hxg6 Qf6 36. Kg2 Nh6 37. Rh1 Kf8 38. Rxh6 gxh6 39. Rh1 Qg5 40. Nxe6+ 1-0

[Event "Quebec op U1700"]
[Site "Montreal CAN"]
[Date "2012.07.26"]
[Round "7"]
[White "Michaud, Jean-Francois"]
[Black "Saha, Ananda"]
[Result "1/2-1/2"]
[WhiteElo "1530"]
[BlackElo "1325"]
[PlyCount "143"]
[GameId "2160767909442285"]
[EventDate "2012.07.21"]
[EventType "swiss"]
[EventRounds "9"]
[EventCountry "CAN"]
[SourceTitle "EXT 2022"]
[Source "ChessBase"]
[SourceDate "2021.10.06"]
[SourceVersion "1"]
[SourceVersionDate "2021.10.06"]
[SourceQuality "1"]

1. c4 e5 2. Nc3 Nf6 3. g3 Bc5 4. d3 Nc6 5. Bg5 h6 6. Bxf6 Qxf6 7. e3 d6 8. Bg2 O-O 9. h3 Be6 10. Nf3 Qd8 11. O-O Qd7 12. Kh2 f5 13. a3 a5 14. Ne1 f4 15. Ne4 fxg3+ 16. Nxg3 Rf7 17. Rb1 Raf8 18. Qd2 d5 19. cxd5 Bxd5 20. Bxd5 Qxd5 21. Ne4 Bd6 22. f3 Nd8 23. Qg2 Ne6 24. Rg1 Ng5 25. f4 Nxe4 26. dxe4 Qb3 27. f5 Qxe3 28. Nc2 Qf4+ 29. Kh1 Bc5 30. Rgf1 Qg5 31. Qh2 Bd6 32. Rf3 Qh4 33. Re1 Rd8 34. Rg3 Qf4 35. Qg2 Bc5 36. Rf3 Qd2 37. Re2 Qc1+ 38. Kh2 Rd1 39. Ne3 Bxe3 40. Rfxe3 Rfd7 41. Rg3 R1d2 42. Rc3 Rxe2 43. Rxc1 Rxg2+ 44. Kxg2 b6 45. Rc6 Kf7 46. Kf3 Ke8 47. Kg4 Re7 48. f6 gxf6 49. Rxf6 Kd7 50. Rxh6 Rf7 51. h4 Rf4+ 52. Kg5 Rxe4 53. Rf6 Ke7 54. Rf2 Re1 55. Rh2 Kf7 56. Rd2 Ke6 57. h5 Rg1+ 58. Kh4 Rg8 59. h6 Rh8 60. Kg5 a4 61. Rh2 Rg8+ 62. Kh4 Rh8 63. Kg4 b5 64. Kf3 c5 65. Ke4 b4 66. Rh5 Kf6 67. Rf5+ Kg6 68. Rxe5 Rxh6 69. Rxc5 Rh4+ 70. Kd5 Rh5+ 71. Kc4 Rxc5+ 72. Kxc5 1/2-1/2

[Event "Quebec op U1700"]
[Site "Montreal CAN"]
[Date "2012.07.26"]
[Round "7"]
[White "Plante, Marc-Eric"]
[Black "Cote, Claude"]
[Result "1/2-1/2"]
[WhiteElo "1668"]
[BlackElo "1598"]
[PlyCount "93"]
[GameId "2160767909442286"]
[EventDate "2012.07.21"]
[EventType "swiss"]
[EventRounds "9"]
[EventCountry "CAN"]
[SourceTitle "EXT 2022"]
[Source "ChessBase"]
[SourceDate "2021.10.06"]
[SourceVersion "1"]
[SourceVersionDate "2021.10.06"]
[SourceQuality "1"]

1. e4 c5 2. Nf3 e6 3. d4 cxd4 4. Nxd4 Nf6 5. Nc3 Nc6 6. Ndb5 d6 7. Bf4 e5 8. Bg5 a6 9. Na3 Be7 10. Bxf6 gxf6 11. Qh5 Be6 12. Nd5 Bxd5 13. exd5 Qa5+ 14. c3 Qxd5 15. Bc4 Qe4+ 16. Kf1 Qg6 17. Qf3 e4 18. Qe3 Ne5 19. Bd5 f5 20. Bxb7 Rb8 21. Qa7 O-O 22. Re1 Qg5 23. Re3 Kh8 24. h4 Qf4 25. g3 Qh6 26. b4 Ng4 27. Nc2 Bf6 28. Qxa6 Nxe3+ 29. Nxe3 Bxc3 30. Nxf5 Qc1+ 31. Kg2 Qd2 32. b5 Qe2 33. Nxd6 Qf3+ 34. Kg1 Qd1+ 35. Kh2 Qe2 36. Nxe4 Bd4 37. Qc6 Qxa2 38. Qh6 Bg7 39. Qc6 f5 40. Ng5 Qxf2+ 41. Kh3 f4 42. Ne4 Qf3 43. Rg1 fxg3 44. Ng5 Qf5+ 45. Kg2 Qf2+ 46. Kh3 Qf5+ 47. Kg2 1/2-1/2

[Event "Quebec op U1700"]
[Site "Montreal CAN"]
[Date "2012.07.26"]
[Round "7"]
[White "Reynaud, Frederic"]
[Black "Nikulich, Andrey"]
[Result "0-1"]
[WhiteElo "1466"]
[BlackElo "1415"]
[PlyCount "110"]
[GameId "2160767909442287"]
[EventDate "2012.07.21"]
[EventType "swiss"]
[EventRounds "9"]
[EventCountry "CAN"]
[SourceTitle "EXT 2022"]
[Source "ChessBase"]
[SourceDate "2021.10.06"]
[SourceVersion "1"]
[SourceVersionDate "2021.10.06"]
[SourceQuality "1"]

1. e4 e5 2. Nf3 Nc6 3. Bb5 a6 4. Ba4 Nf6 5. O-O Be7 6. Re1 b5 7. Bb3 O-O 8. c3 d5 9. exd5 Nxd5 10. Nxe5 Nxe5 11. Rxe5 c6 12. d4 Bd6 13. Re1 Qh4 14. g3 Qh3 15. Bxd5 cxd5 16. Qf3 Bg4 17. Qxd5 Rfe8 18. Be3 Rad8 19. Qg2 Qh5 20. Nd2 Bh3 21. Qf3 Bg4 22. Qg2 Bh3 23. Qh1 Re6 24. f4 Rde8 25. Kf2 Bxf4 26. Bxf4 Re2+ 27. Rxe2 Qxe2+ 28. Kg1 Qe1+ 29. Rxe1 Rxe1+ 30. Kf2 Rxh1 31. Nf3 Rb1 32. b4 Rb2+ 33. Bd2 Rxa2 34. Ke3 Bg4 35. Ne5 Be6 36. Nd3 f6 37. h4 Ra1 38. Nc5 Bd5 39. Kf2 Kf7 40. Ke2 Kg6 41. Nd3 Bc4 42. Bf4 Kf7 43. Bd2 Ke6 44. Ke3 Bxd3 45. Kxd3 Kd5 46. Be3 h6 47. Bf2 g5 48. hxg5 fxg5 49. Be3 Rh1 50. Bf2 h5 51. Ke2 h4 52. gxh4 gxh4 53. Kf3 Rc1 54. Bxh4 Rxc3+ 55. Ke2 Kxd4 0-1

[Event "Quebec op U1700"]
[Site "Montreal CAN"]
[Date "2012.07.26"]
[Round "7"]
[White "Steinberg, Ellis"]
[Black "Morinvil, Geffrard"]
[Result "1-0"]
[WhiteElo "1431"]
[BlackElo "1657"]
[PlyCount "147"]
[GameId "2160767909442288"]
[EventDate "2012.07.21"]
[EventType "swiss"]
[EventRounds "9"]
[EventCountry "CAN"]
[SourceTitle "EXT 2022"]
[Source "ChessBase"]
[SourceDate "2021.10.06"]
[SourceVersion "1"]
[SourceVersionDate "2021.10.06"]
[SourceQuality "1"]

1. e4 c5 2. d3 d6 3. Nf3 Nc6 4. g3 g6 5. Bg2 Bg7 6. c3 Nf6 7. O-O Bd7 8. Nbd2 Qc8 9. Re1 Bh3 10. Bh1 h5 11. Qe2 h4 12. e5 hxg3 13. exf6 gxh2+ 14. Nxh2 Bxf6 15. Bxc6+ Qxc6 16. Qf3 d5 17. c4 O-O-O 18. cxd5 Rxd5 19. Nc4 Qd7 20. Qe2 b5 21. Qf3 Rhh5 22. Bf4 bxc4 23. dxc4 Rdg5+ 24. Bg3 Qb7 25. Rad1 Bd4 26. Qxb7+ Kxb7 27. Rxe7+ Ka6 28. Rxd4 cxd4 29. Rxf7 Rf5 30. Rd7 Rf8 31. Rxd4 Bf5 32. b4 Rh7 33. Rd6+ Kb7 34. Rd5 Rd7 35. Rb5+ Ka6 36. Ra5+ Kb7 37. Rb5+ Ka8 38. c5 Rd1+ 39. Kg2 Be4+ 40. Kh3 Rh8+ 41. Kg4 Bc6 42. Ra5 Rd4+ 43. Kg5 Rxb4 44. Kxg6 Rg4+ 45. Nxg4 Rg8+ 46. Kf6 Rxg4 47. Ra3 Rc4 48. Bd6 Rc2 49. f4 Bd5 50. f5 Rxa2 51. Rxa2 Bxa2 52. Ke5 Kb7 53. Kd4 Kc6 54. Kc3 Kb5 55. Kb2 Bd5 56. f6 Bf7 57. Be7 Be6 58. Kc3 Bf7 59. Kd4 Kc6 60. Bd8 Ba2 61. Ba5 Bf7 62. Bb4 Kb5 63. Ba3 Kc6 64. Ke5 Ba2 65. Kf5 Kd7 66. Kg6 Ke8 67. Kg7 Bd5 68. Bb4 Be6 69. c6 Bd5 70. c7 Kd7 71. Ba5 Kc8 72. f7 Bxf7 73. Kxf7 Kd7 74. Kf8 1-0

[Event "Quebec op U1700"]
[Site "Montreal CAN"]
[Date "2012.07.27"]
[Round "8"]
[White "Kozlov, Guennadi"]
[Black "Plante, Marc-Eric"]
[Result "0-1"]
[WhiteElo "1665"]
[BlackElo "1668"]
[PlyCount "112"]
[GameId "2160767909442289"]
[EventDate "2012.07.21"]
[EventType "swiss"]
[EventRounds "9"]
[EventCountry "CAN"]
[SourceTitle "EXT 2022"]
[Source "ChessBase"]
[SourceDate "2021.10.06"]
[SourceVersion "1"]
[SourceVersionDate "2021.10.06"]
[SourceQuality "1"]

1. e4 e5 2. f4 exf4 3. Nf3 d6 4. d4 g5 5. h4 g4 6. Ng1 Nf6 7. Nc3 Nh5 8. Nge2 f3 9. Nf4 Ng3 10. Rh2 Nxf1 11. Kxf1 g3 12. Rh1 f2 13. Nh5 Rg8 14. Qf3 Rg6 15. Nxg3 Nc6 16. Qxf2 Nxd4 17. Qxd4 Rxg3 18. Qf2 Rg6 19. g3 Be6 20. Bf4 Bg7 21. Qe3 Bc4+ 22. Kg2 Re6 23. Qf3 Qf6 24. Nd5 Bxd5 25. exd5 Re7 26. Rhe1 Qxb2 27. Rxe7+ Kxe7 28. Re1+ Kf8 29. Qe4 Qd4 30. Qe7+ Kg8 31. Qxc7 Qxd5+ 32. Kh2 Be5 33. Rf1 Qc6 34. Qe7 Qxc2+ 35. Kh3 Qf5+ 36. Kh2 Rc8 37. Rf2 Bxf4 38. gxf4 Rc2 39. Qe3 Rxf2+ 40. Qxf2 Qg4 41. f5 d5 42. f6 d4 43. Qg3 Qxg3+ 44. Kxg3 d3 45. Kf3 d2 46. Ke2 d1=Q+ 47. Kxd1 h5 48. Ke2 Kh7 49. Kf3 Kg6 50. Ke4 Kxf6 51. Kf4 b5 52. Ke4 Ke6 53. Kf4 f6 54. Ke4 f5+ 55. Kd4 Kd6 56. a3 a5 0-1

[Event "Quebec op U1700"]
[Site "Montreal CAN"]
[Date "2012.07.27"]
[Round "8"]
[White "Lemieux, Serge"]
[Black "Bedard, Michel"]
[Result "1/2-1/2"]
[WhiteElo "1533"]
[BlackElo "1611"]
[PlyCount "127"]
[GameId "2160767909442290"]
[EventDate "2012.07.21"]
[EventType "swiss"]
[EventRounds "9"]
[EventCountry "CAN"]
[SourceTitle "EXT 2022"]
[Source "ChessBase"]
[SourceDate "2021.10.06"]
[SourceVersion "1"]
[SourceVersionDate "2021.10.06"]
[SourceQuality "1"]

1. d4 Nf6 2. Bg5 g6 3. Bxf6 exf6 4. e3 Bg7 5. g3 d5 6. Bg2 O-O 7. Nf3 Nd7 8. Nbd2 f5 9. c4 c6 10. Rc1 Nf6 11. O-O Ne4 12. a3 Be6 13. c5 f6 14. b4 Qd7 15. Nb3 b6 16. Ne1 Ng5 17. f3 Nf7 18. f4 Rfb8 19. Bf3 g5 20. Ng2 Nd8 21. Be2 Qe7 22. Rc3 Bd7 23. Qd2 Ne6 24. Bd3 Nc7 25. a4 Rf8 26. Qc1 Rf7 27. Kf2 Rb8 28. Qb1 Qe6 29. Be2 Bh6 30. Bd3 Rg7 31. Kg1 Rf7 32. Rcc1 Bf8 33. Rce1 bxc5 34. bxc5 Ne8 35. Qd1 Ng7 36. Re2 Rb4 37. Nd2 Bc8 38. Nf3 g4 39. Nd2 Rfb7 40. Rff2 Qe7 41. Ne1 Qc7 42. Bc2 Rb8 43. Nd3 Ba6 44. Nxb4 Bxe2 45. Qxe2 Rxb4 46. Rf1 Qe7 47. Re1 Kf7 48. Kf2 h5 49. h4 Qb7 50. Rb1 Be7 51. Rxb4 Qxb4 52. Qd3 Bd8 53. Ke2 Ba5 54. Kd1 Ne6 55. Qe2 Nc7 56. Kc1 Qa3+ 57. Kd1 Kg6 58. Qd3 Qxd3 59. Bxd3 Ne6 60. Kc2 Bb4 61. Kd1 Nd8 62. Ba6 Kf7 63. Bc8 Kg6 64. Ke2 1/2-1/2

[Event "Quebec op U1700"]
[Site "Montreal CAN"]
[Date "2012.07.27"]
[Round "8"]
[White "Luo, Muhan"]
[Black "Blais, Georges"]
[Result "1/2-1/2"]
[WhiteElo "1369"]
[BlackElo "1545"]
[PlyCount "72"]
[GameId "2160767909442291"]
[EventDate "2012.07.21"]
[EventType "swiss"]
[EventRounds "9"]
[EventCountry "CAN"]
[SourceTitle "EXT 2022"]
[Source "ChessBase"]
[SourceDate "2021.10.06"]
[SourceVersion "1"]
[SourceVersionDate "2021.10.06"]
[SourceQuality "1"]

1. d4 d5 2. c4 c6 3. Nc3 Nf6 4. Bg5 Bf5 5. Bxf6 exf6 6. Nf3 Na6 7. a3 Nc7 8. e3 Qd7 9. Be2 Be6 10. b3 g6 11. O-O Bg7 12. Rc1 O-O 13. Qd2 Qe7 14. c5 Bf5 15. b4 a6 16. Bd3 Bxd3 17. Qxd3 f5 18. Rb1 Nb5 19. Rb3 Nxc3 20. Qxc3 Rfb8 21. Rfb1 Qe8 22. a4 Qc8 23. Qb2 b5 24. cxb6 Rxb6 25. Rc1 Qb7 26. a5 Rb5 27. Rc5 f6 28. Qc3 Rc8 29. Qb2 Bf8 30. Rxb5 Qxb5 31. Ne1 Rb8 32. Nd3 Kf7 33. Kf1 Qa4 34. Ke1 Qb5 35. Nc5 Bxc5 36. dxc5 Qa4 1/2-1/2

[Event "Quebec op U1700"]
[Site "Montreal CAN"]
[Date "2012.07.27"]
[Round "8"]
[White "Saha, Ananda"]
[Black "Cote, Claude"]
[Result "1-0"]
[WhiteElo "1325"]
[BlackElo "1598"]
[PlyCount "98"]
[GameId "2160767909442292"]
[EventDate "2012.07.21"]
[EventType "swiss"]
[EventRounds "9"]
[EventCountry "CAN"]
[SourceTitle "EXT 2022"]
[Source "ChessBase"]
[SourceDate "2021.10.06"]
[SourceVersion "1"]
[SourceVersionDate "2021.10.06"]
[SourceQuality "1"]

1. d4 f5 2. c4 e6 3. Nc3 Nf6 4. Nf3 Be7 5. Bd2 d6 6. Qc2 O-O 7. g3 Nbd7 8. Bg2 Rb8 9. O-O a6 10. a4 Qe8 11. e4 fxe4 12. Nxe4 Nxe4 13. Qxe4 Nf6 14. Qe2 Bd7 15. Rfe1 h6 16. Bh3 Kh8 17. Qd3 Ng8 18. Bxe6 Bxe6 19. Rxe6 Qf7 20. Re3 Bg5 21. Nxg5 Qxf2+ 22. Kh1 hxg5 23. Re2 Qf5 24. Qxf5 Rxf5 25. Kg2 g4 26. Rf1 g6 27. Rf4 Kg7 28. Rxg4 Rbf8 29. Rf4 Rxf4 30. Bxf4 Rf7 31. Rf2 Re7 32. Kf3 Rf7 33. Ke3 Nf6 34. Kd3 Ng8 35. c5 g5 36. Be3 Rxf2 37. Bxf2 dxc5 38. dxc5 g4 39. Bd4+ Kg6 40. Ke4 Nh6 41. Kd5 c6+ 42. Ke6 Nf7 43. Kd7 Ng5 44. Kc8 Kf5 45. Kxb7 Ke4 46. Bf6 Ne6 47. Kxc6 Kf3 48. Kd6 Nxc5 49. Kxc5 Kg2 1-0

[Event "Quebec op U1700"]
[Site "Montreal CAN"]
[Date "2012.07.27"]
[Round "8"]
[White "Spaulding, Derrick"]
[Black "Reynaud, Frederic"]
[Result "0-1"]
[WhiteElo "1330"]
[BlackElo "1466"]
[PlyCount "158"]
[GameId "2160767909442293"]
[EventDate "2012.07.21"]
[EventType "swiss"]
[EventRounds "9"]
[EventCountry "CAN"]
[SourceTitle "EXT 2022"]
[Source "ChessBase"]
[SourceDate "2021.10.06"]
[SourceVersion "1"]
[SourceVersionDate "2021.10.06"]
[SourceQuality "1"]

1. e4 e5 2. Nf3 Nc6 3. d4 exd4 4. Nxd4 Bc5 5. Nb3 Bb6 6. Bc4 Qh4 7. O-O d6 8. h3 Ne5 9. Bb5+ Kf8 10. Be3 Qxe4 11. Bxb6 axb6 12. Re1 Qg6 13. Re3 Be6 14. Nd4 Ne7 15. Nxe6+ fxe6 16. f4 N5c6 17. Bd3 Qf6 18. Nc3 Nf5 19. Bxf5 Qxf5 20. a3 g6 21. Qd2 Kg7 22. Rf1 Rhe8 23. Ne4 Qd5 24. Qe1 Rf8 25. Ng5 e5 26. h4 h6 27. Nh3 Rf6 28. f5 gxf5 29. Rg3+ Kf8 30. Qe2 Qd4+ 31. Nf2 Ke7 32. Qh5 Raf8 33. Rg7+ Kd8 34. Rh7 e4 35. Kh1 Qc4 36. Rc1 Qe6 37. Nh3 d5 38. Nf4 Qd6 39. Rf1 d4 40. Qd1 Kc8 41. h5 Kb8 42. Ng6 Rd8 43. Rxh6 d3 44. cxd3 Qxd3 45. Qe1 Qd2 46. Qxd2 Rxd2 47. Rh8+ Ka7 48. Nf4 Ne5 49. h6 Nf7 50. Nh5 Rxh6 51. Rxh6 Nxh6 52. Ng3 Rxb2 53. Nxf5 Nxf5 54. Rxf5 e3 55. Re5 e2 56. Kg1 Rb3 57. a4 Rb4 58. a5 bxa5 59. Rxa5+ Kb6 60. Re5 c5 61. Rxe2 Rg4 62. Kf2 c4 63. Kf3 Rg8 64. g4 Kc5 65. Re4 b5 66. Ke3 Kb4 67. Kd2 Kb3 68. Kc1 b4 69. Kb1 c3 70. Kc1 Ra8 71. Kd1 Ra2 72. Re3 Rg2 73. Re4 c2+ 74. Kc1 Rg1+ 75. Kd2 c1=Q+ 76. Kd3 Rd1+ 77. Ke2 Qd2+ 78. Kf3 Rf1+ 79. Kg3 Qf2+ 0-1

[Event "Quebec op U1700"]
[Site "Montreal CAN"]
[Date "2012.07.28"]
[Round "9"]
[White "Selmani, Sam"]
[Black "Reynaud, Frederic"]
[Result "1/2-1/2"]
[WhiteElo "1401"]
[BlackElo "1466"]
[PlyCount "89"]
[GameId "2160767909442294"]
[EventDate "2012.07.21"]
[EventType "swiss"]
[EventRounds "9"]
[EventCountry "CAN"]
[SourceTitle "EXT 2022"]
[Source "ChessBase"]
[SourceDate "2021.10.06"]
[SourceVersion "1"]
[SourceVersionDate "2021.10.06"]
[SourceQuality "1"]

1. d4 d5 2. c4 c6 3. Nf3 Nf6 4. Nc3 dxc4 5. a4 Bg4 6. e3 e6 7. Bxc4 Bb4 8. O-O Nbd7 9. h3 Bh5 10. Be2 Qc7 11. Bd2 O-O 12. Nb5 Qa5 13. Nd6 Bxf3 14. Bxf3 Bxd2 15. Nc4 Qc7 16. Qxd2 Rab8 17. Rfc1 Nb6 18. Na5 Nbd5 19. b4 Qe7 20. Rab1 Rfc8 21. b5 cxb5 22. Rxb5 Rxc1+ 23. Qxc1 Qd7 24. Qb2 b6 25. Nc4 Rc8 26. Ne5 Qc7 27. a5 Qc1+ 28. Qxc1 Rxc1+ 29. Kh2 Rc8 30. axb6 axb6 31. Bxd5 Nxd5 32. Kg3 Rb8 33. Kf3 Nc7 34. Nd7 Nxb5 35. Nxb8 Nc3 36. e4 b5 37. Nd7 f6 38. Ke3 Kf7 39. Kd3 b4 40. f3 Ke7 41. Nc5 Kd6 42. Kc4 Ne2 43. Nd3 b3 44. e5+ Ke7 45. Kxb3 1/2-1/2

[Event "Quebec op U2000"]
[Site "Montreal CAN"]
[Date "2012.07.21"]
[Round "1"]
[White "Blanchet, Robert"]
[Black "Cvetkovic, Simeon"]
[Result "1/2-1/2"]
[WhiteElo "1738"]
[BlackElo "1995"]
[PlyCount "66"]
[GameId "2160767909442295"]
[EventDate "2012.07.21"]
[EventType "swiss"]
[EventRounds "9"]
[EventCountry "CAN"]
[SourceTitle "EXT 2022"]
[Source "ChessBase"]
[SourceDate "2021.10.06"]
[SourceVersion "1"]
[SourceVersionDate "2021.10.06"]
[SourceQuality "1"]

1. e4 g6 2. d4 Bg7 3. Be3 d6 4. Bd3 Nf6 5. f3 Nbd7 6. Ne2 c5 7. c3 a6 8. a4 b6 9. O-O O-O 10. Ng3 Bb7 11. Qe2 e5 12. d5 Ne8 13. c4 a5 14. Nc3 Nc7 15. Qd2 Re8 16. Rae1 Bf6 17. b3 Ba6 18. Nh1 Qe7 19. Nf2 Bg7 20. g4 Rf8 21. Ne2 f6 22. Ng3 Ne8 23. Kg2 Ra7 24. h4 Rf7 25. Rh1 Nf8 26. Reg1 Bc8 27. Kf1 Qd8 28. Ke1 Qc7 29. Bf1 Bh8 30. Bh3 Ng7 31. h5 g5 32. Nf5 Bxf5 33. gxf5 h6 1/2-1/2

[Event "Quebec op U2000"]
[Site "Montreal CAN"]
[Date "2012.07.21"]
[Round "1"]
[White "Germain, Michel"]
[Black "Johnson, Nicholas1"]
[Result "0-1"]
[WhiteElo "1972"]
[BlackElo "1725"]
[PlyCount "52"]
[GameId "2160767909442296"]
[EventDate "2012.07.21"]
[EventType "swiss"]
[EventRounds "9"]
[EventCountry "CAN"]
[SourceTitle "EXT 2022"]
[Source "ChessBase"]
[SourceDate "2021.10.06"]
[SourceVersion "1"]
[SourceVersionDate "2021.10.06"]
[SourceQuality "1"]

1. Nf3 d5 2. c4 c6 3. d4 Nf6 4. Qc2 dxc4 5. Qxc4 Bg4 6. Ne5 Be6 7. Qd3 Nbd7 8. Bf4 Qb6 9. Nd2 Nd5 10. e3 Nxf4 11. exf4 Nxe5 12. dxe5 g6 13. Be2 Bf5 14. Qc3 h5 15. O-O O-O-O 16. Nc4 Qd4 17. Qa5 Rd5 18. Qa4 Bh6 19. g3 Kb8 20. Qa3 Bh3 21. Rfd1 Qe4 22. Ne3 g5 23. f3 Rxd1+ 24. Rxd1 Qg6 25. Qxe7 gxf4 26. Rd7 Bxd7 0-1

[Event "Quebec op U2000"]
[Site "Montreal CAN"]
[Date "2012.07.21"]
[Round "1"]
[White "Jureidini, Gabriel"]
[Black "Turcotte, Jonathan"]
[Result "1/2-1/2"]
[WhiteElo "1725"]
[BlackElo "1936"]
[PlyCount "100"]
[GameId "2160767909442297"]
[EventDate "2012.07.21"]
[EventType "swiss"]
[EventRounds "9"]
[EventCountry "CAN"]
[SourceTitle "EXT 2022"]
[Source "ChessBase"]
[SourceDate "2021.10.06"]
[SourceVersion "1"]
[SourceVersionDate "2021.10.06"]
[SourceQuality "1"]

1. e4 c6 2. d3 d5 3. Nd2 e5 4. Ngf3 Bd6 5. Be2 Nf6 6. c3 O-O 7. O-O a5 8. a4 Re8 9. Qc2 Na6 10. Re1 Bg4 11. Nf1 Nc5 12. Ng3 h6 13. h3 Be6 14. Bf1 dxe4 15. dxe4 Bb3 16. Qe2 Bxa4 17. Nd2 b5 18. Nf5 Bf8 19. Ra3 Bc2 20. Qf3 Nd3 21. Bxd3 Qxd3 22. Re3 Qd7 23. Ra1 g6 24. Nh4 Qe6 25. Nf1 Red8 26. Re1 Kh7 27. Ng3 a4 28. Be3 a3 29. bxa3 Rxa3 30. Rxa3 Bxa3 31. Ra1 Bb2 32. Ra7 Bd1 33. Ne2 Bxc3 34. Qg3 Nxe4 35. Qf3 Bxe2 36. Qxe2 Rd7 37. Ra8 Qd5 38. Kh2 b4 39. Qa6 Rd8 40. Ra7 Bd4 41. Bxd4 exd4 42. Qd3 Kg7 43. f3 Nc5 44. Qxg6+ Kf8 45. Qh7 Qe5+ 46. Kh1 Qf6 47. Nf5 d3 48. Rxf7+ Qxf7 49. Qh8+ Qg8 50. Qf6+ Qf7 1/2-1/2

[Event "Quebec op U2000"]
[Site "Montreal CAN"]
[Date "2012.07.21"]
[Round "1"]
[White "Le Bas, Nicolas"]
[Black "Lacroix, Serge"]
[Result "1/2-1/2"]
[WhiteElo "1655"]
[BlackElo "1824"]
[PlyCount "127"]
[GameId "2160767909442298"]
[EventDate "2012.07.21"]
[EventType "swiss"]
[EventRounds "9"]
[EventCountry "CAN"]
[SourceTitle "EXT 2022"]
[Source "ChessBase"]
[SourceDate "2021.10.06"]
[SourceVersion "1"]
[SourceVersionDate "2021.10.06"]
[SourceQuality "1"]

1. e4 c5 2. Nf3 d6 3. d4 cxd4 4. Nxd4 Nf6 5. Nc3 a6 6. Be3 Qc7 7. f3 e5 8. Nb3 Be6 9. Qd2 Nbd7 10. g4 Nb6 11. h4 Nc4 12. Bxc4 Qxc4 13. O-O-O Be7 14. h5 h6 15. g5 hxg5 16. Bxg5 O-O-O 17. Nd5 Nxd5 18. exd5 Bxg5 19. Qxg5 Bxd5 20. Rhg1 Be6 21. Rh1 a5 22. Rh4 Qb5 23. Nd4 Qd7 24. Nxe6 Qxe6 25. Kb1 Kb8 26. Re1 Qh6 27. Qg4 g6 28. Reh1 g5 29. R4h2 Rhe8 30. Qc4 f5 31. Qd5 Rc8 32. Rd2 e4 33. Qxf5 exf3 34. Qxf3 g4 35. Qd3 g3 36. Qxd6+ Qxd6 37. Rxd6 g2 38. Rg1 Re2 39. b3 Rexc2 40. Rg6 R2c5 41. h6 Rh5 42. R1xg2 Ka7 43. Rd2 Rc6 44. Rxc6 bxc6 45. Rd7+ Kb6 46. h7 Rh2 47. Kc1 c5 48. Kd1 Kb5 49. a4+ Kb4 50. Rb7+ Kc3 51. Ke1 Kd3 52. Kf1 Kc3 53. Kg1 Rxh7 54. Rxh7 Kxb3 55. Rh4 c4 56. Kf2 Kxa4 57. Rxc4+ Kb3 58. Rc8 a4 59. Rb8+ Kc2 60. Ke2 a3 61. Rc8+ Kb2 62. Kd2 a2 63. Rb8+ Ka1 64. Kc2 1/2-1/2

[Event "Quebec op U2000"]
[Site "Montreal CAN"]
[Date "2012.07.21"]
[Round "1"]
[White "Yao, Houji"]
[Black "Zhang, John"]
[Result "0-1"]
[WhiteElo "1885"]
[BlackElo "1725"]
[PlyCount "46"]
[GameId "2160767909442299"]
[EventDate "2012.07.21"]
[EventType "swiss"]
[EventRounds "9"]
[EventCountry "CAN"]
[SourceTitle "EXT 2022"]
[Source "ChessBase"]
[SourceDate "2021.10.06"]
[SourceVersion "1"]
[SourceVersionDate "2021.10.06"]
[SourceQuality "1"]

1. e4 e5 2. Nf3 Nc6 3. Bb5 a6 4. Bxc6 dxc6 5. O-O Bg4 6. h3 h5 7. d3 Qf6 8. Nbd2 Bc5 9. Rb1 Ne7 10. b4 Bd4 11. c4 Ng6 12. Nb3 Bc3 13. hxg4 hxg4 14. Bg5 Qe6 15. Nh2 Rh5 16. Be3 O-O-O 17. Nc5 Rdh8 18. f4 Rxh2 19. Kf2 g3+ 20. Kxg3 Rxg2+ 21. Kxg2 Qh3+ 22. Kf2 Qh2+ 23. Kf3 Rh3+ 0-1

[Event "Quebec op U2000"]
[Site "Montreal CAN"]
[Date "2012.07.22"]
[Round "2"]
[White "Balogh, Alex"]
[Black "Jureidini, Gabriel"]
[Result "0-1"]
[WhiteElo "1862"]
[BlackElo "1725"]
[PlyCount "56"]
[GameId "2160767909442300"]
[EventDate "2012.07.21"]
[EventType "swiss"]
[EventRounds "9"]
[EventCountry "CAN"]
[SourceTitle "EXT 2022"]
[Source "ChessBase"]
[SourceDate "2021.10.06"]
[SourceVersion "1"]
[SourceVersionDate "2021.10.06"]
[SourceQuality "1"]

1. d4 Nf6 2. c4 d6 3. Nc3 Nbd7 4. Nf3 e5 5. e4 Be7 6. Be2 O-O 7. O-O c6 8. Qc2 Qc7 9. Rd1 Re8 10. d5 a5 11. h3 Nc5 12. a3 a4 13. Be3 Nfd7 14. Rab1 Qa5 15. Nd2 Rf8 16. g4 h6 17. f3 Bg5 18. Bxg5 hxg5 19. Kg2 Re8 20. Rh1 Nf8 21. Bd1 Ng6 22. Ne2 Qb6 23. Nf1 Nh4+ 24. Kg3 cxd5 25. exd5 e4 26. f4 Nd3 27. Rh2 Nf3 28. Rg2 Nfe1 0-1

[Event "Quebec op U2000"]
[Site "Montreal CAN"]
[Date "2012.07.22"]
[Round "2"]
[White "Benoit, Sebastien"]
[Black "Robichaud, Nicolas"]
[Result "0-1"]
[WhiteElo "1816"]
[BlackElo "1145"]
[PlyCount "44"]
[GameId "2160767909442301"]
[EventDate "2012.07.21"]
[EventType "swiss"]
[EventRounds "9"]
[EventCountry "CAN"]
[SourceTitle "EXT 2022"]
[Source "ChessBase"]
[SourceDate "2021.10.06"]
[SourceVersion "1"]
[SourceVersionDate "2021.10.06"]
[SourceQuality "1"]

1. e4 c5 2. Nf3 d6 3. d4 cxd4 4. Nxd4 Nf6 5. Nc3 g6 6. f3 Bg7 7. Be3 O-O 8. Qd2 Nc6 9. O-O-O Bd7 10. h4 h5 11. Be2 Rc8 12. Rdg1 Ne5 13. Bh6 Qb6 14. Bxg7 Kxg7 15. g4 hxg4 16. fxg4 Nexg4 17. h5 Nf2 18. Rh4 e5 19. Nf5+ Bxf5 20. exf5 Nd3+ 21. Qxd3 Qxg1+ 22. Nd1 Qg5+ 0-1